Seller's pack improves home buying and selling process (Record no. 71782)
[ view plain ]
| 000 -LEADER | |
|---|---|
| fixed length control field | 01302cam a2200217 4500 |
| 001 - CONTROL NUMBER | |
| control field | WB3901-17 |
| 008 - FIXED-LENGTH DATA ELEMENTS--GENERAL INFORMATION | |
| fixed length control field | 021217n2002 000 0 eng u |
| 035 ## - SYSTEM CONTROL NUMBER | |
| System control number | (Sirsi) u120799 |
| 245 ## - TITLE STATEMENT | |
| Title | Seller's pack improves home buying and selling process |
| 260 ## - PUBLICATION, DISTRIBUTION, ETC. | |
| Date of publication, distribution, etc. | 2002 |
| 490 ## - SERIES STATEMENT | |
| Series statement | RICS Residential Faculty News |
| Volume/sequential designation | 13 December 2002 (1) |
| 520 ## - SUMMARY, ETC. | |
| Summary, etc. | The final report of the Bristol pilot scheme to test the practice operation of the seller's pack has been published by the Office of the Deputy Prime Minister (ODPM) and has revealed that the pack delivers clear and tangible benefits to the consumer. For the RICS Residential faculty news http://www.rics.org/ricscms/bin/show?class=News&template=/includes/shownews.html&id=4435&faculty=Residential%20Property&faculty=All%20Faculties For the final report http://www.housing.odpm.gov.uk/hbs/bristol/index.htm For the seller's pack (Queen's speech) RICS response http://www.rics.org/ricscms/bin/show?class=Feature&template=/includes/showfeature.html&id=392 |
| 590 ## - LOCAL NOTE (RLIN) | |
| Local note | WB |
| 650 ## - SUBJECT ADDED ENTRY--TOPICAL TERM | |
| Topical term or geographic name entry element | HOME INFORMATION PACKS |
| 650 ## - SUBJECT ADDED ENTRY--TOPICAL TERM | |
| Topical term or geographic name entry element | BRISTOL |
| 650 ## - SUBJECT ADDED ENTRY--TOPICAL TERM | |
| Topical term or geographic name entry element | HOME CONDITION REPORTS |
| 650 ## - SUBJECT ADDED ENTRY--TOPICAL TERM | |
| Topical term or geographic name entry element | RICS HOMEBUYER SURVEY AND VALUATION |
| 650 ## - SUBJECT ADDED ENTRY--TOPICAL TERM | |
| Topical term or geographic name entry element | OMBUDSMAN FOR ESTATE AGENTS |
| 690 ## - LOCAL SUBJECT ADDED ENTRY--TOPICAL TERM (OCLC, RLIN) | |
| Topical term or geographic name as entry element | PROPERTY-RESIDENTIAL PROPERTY-RESIDENTIAL PROPERTY MARKET |
| 942 ## - ADDED ENTRY ELEMENTS (KOHA) | |
| Suppress in OPAC | 0 |
| Withdrawn status | Lost status | Source of classification or shelving scheme | Damaged status | Not for loan | Home library | Current library | Shelving location | Date acquired | Total Checkouts | Full call number | Barcode | Date last seen | Copy number | Price effective from | Koha item type |
|---|---|---|---|---|---|---|---|---|---|---|---|---|---|---|---|
| Dewey Decimal Classification | London | London | News article | 17/12/2002 | WB3901-17 | 120799-1001 | 06/08/2019 | 1 | 06/08/2019 | Journal article |